Mario Characters: Odyssey edition - Statistics

General Stats
  • This quiz has been taken 18 times
  • The average score is 7 of 15
Answer Stats
Hint Answer % Correct
Red hat ghost Cappy
88%
Leader of broodals Topper
82%
Blue broodal Spewart
71%
Purple broodal Hariet
65%
Robotic wiggler Mecha wiggler
59%
Fuel for the ship Moons
59%
Orange broodal Rango
59%
Woodpecker enemy Pokio
53%
Squid that sprays water Gushen
47%
Mother of broodals Madame broode
41%
Wind enemy Tyfoo
41%
Bird boss (luncheon) Cookatiel
29%
Guardian of the sand kingdom Knucklotec
24%
Pacafist snow creatures Shiverians
18%
Invincible snow enemies Bitefrost
0%
No matching quizzes found
Score Distribution
Percent of People with Each Score
Percentile by Number Answered
Your Score History
You have not taken this quiz